000 00566nam a2200217Ia 4500
003 OSt
005 20221002054826.0
006 a|||||r|||| 00| 0
007 ta
008 220930b |||||||| |||| 00| 0 eng d
024 _a70700
037 _cReference Collections
040 _aCRL
_cCRL
_beng
041 _2eng
_aeng
082 _aOxk, D2
100 _aWale William Au.
_9576293
245 0 _aWhat great men have said about great men
260 _c1902
942 _hOxk, D2
_cref
_2CC
999 _c925944
_d925944